[Event "Tradewise Gibraltar Masters 14th"]
[Site "Gibraltar"]
[Date "2016.01.28"]
[Round "3.87"]
[White "Seyfried, Claus"]
[Black "Wemmers, Xander"]
[Result "0-1"]
[WhiteElo "2137"]
[BlackElo "2352"]
[PlyCount "134"]
[EventDate "2016.01.26"]
[EventType "swiss"]
[EventRounds "10"]
[EventCountry "GGB"]
[Source "www.saund.co.uk"]
[SourceDate "2005.02.07"]

1. e4 e5 2. Nf3 Nc6 3. d4 exd4 4. Nxd4 Bb4+ 5. c3 Bc5 6. Be3 Bb6 7. Bc4 Nf6 8.
Nd2 O-O 9. O-O Nxd4 10. Bxd4 Bxd4 11. cxd4 d5 12. exd5 Nxd5 13. Re1 Nb6 14. Qb3
Nxc4 15. Qxc4 Be6 16. Qc3 Bd5 17. Nc4 c6 18. Ne3 Be6 19. Rad1 Rc8 20. a3 Rc7
21. Qa5 b6 22. Qe5 Rd7 23. Rc1 Re8 24. Nf5 f6 25. Qe4 c5 26. dxc5 bxc5 27. h3
Rd5 28. Ne3 Re5 29. Qc6 Bd5 30. Qb5 a6 31. Qxa6 Ba8 32. Red1 Qb8 33. Nc4 Re2
34. Nd6 R8e6 35. Qc4 R2e5 36. b4 Kf8 37. bxc5 Qc7 38. Qa6 Bc6 39. Qb6 Re7 40.
Nc4 Rg5 41. Rd8+ Kf7 42. Nd6+ Kg6 43. g3 Rge5 44. Qb1+ Be4 45. Qb8 Bf3 46. Qb1+
Be4 47. Qb6 Bf3 48. g4 h5 49. Qb1+ Kg5 50. Rh8 g6 51. Qb4 Rh7 52. Qd2+ Kh4 53.
Rxh7 Qxh7 54. Qf4 hxg4 55. Qxf6+ Rg5 56. hxg4 Bxg4 57. Nf7 Qxf7 58. Qxf7 Be6+
59. Kf1 Bxf7 60. c6 Be6 61. c7 Bc8 62. Ke2 Ra5 63. Rc3 Kg5 64. Ke3 Kf6 65. f4
Ke7 66. Kd4 Kd6 67. Kc4 Rc5+ 0-1

[Event "Tradewise Gibraltar Masters 14th"]
[Site "Gibraltar"]
[Date "2016.01.28"]
[Round "3.88"]
[White "Pakosta, Miroslav"]
[Black "Vojinovic, Jovana"]
[Result "0-1"]
[WhiteElo "2097"]
[BlackElo "2352"]
[PlyCount "94"]
[EventDate "2016.01.26"]
[EventType "swiss"]
[EventRounds "10"]
[EventCountry "GGB"]
[Source "www.saund.co.uk"]
[SourceDate "2005.02.07"]

1. e4 d5 2. exd5 Qxd5 3. Nc3 Qa5 4. g3 e5 5. Bg2 Nf6 6. Nge2 Nc6 7. a3 Bg4 8.
h3 Bd7 9. Rb1 Qb6 10. b4 Nd4 11. O-O O-O-O 12. d3 Bc6 13. Nxd4 exd4 14. Ne4 Nd7
15. Bf4 h6 16. c4 g5 17. Bc1 f5 18. Nd2 Bxg2 19. Kxg2 Ne5 20. Kh2 g4 21. f4
Nxd3 22. Qc2 Nxc1 23. Qxf5+ Kb8 24. Rbxc1 gxh3 25. Kxh3 Bg7 26. Rfe1 d3 27.
Rcd1 Rhf8 28. Qg4 Bc3 29. Re6 h5 30. Qg6 Qd4 31. Qe4 Qg7 32. Rg6 Qd7+ 33. Qe6
Qa4 34. Qe1 Rfe8 35. Qf1 Re2 36. Nb1 Qc2 37. Kh4 Rh2+ 38. Kg5 d2 39. Nxc3 Qxc3
40. f5 Qxg3+ 41. Kh6 Qe3+ 42. Kh7 Rf2 43. Qg1 Qe8 44. Rg8 Qd7+ 45. Kh6 Rxf5 46.
Rxd8+ Qxd8 47. Rxd2 Qxd2+ 0-1

[Event "Tradewise Gibraltar Masters 14th"]
[Site "Gibraltar"]
[Date "2016.01.28"]
[Round "3.89"]
[White "Nordquelle, Daniel"]
[Black "Lazarne Vajda, Szidonia"]
[Result "0-1"]
[WhiteElo "2102"]
[BlackElo "2359"]
[PlyCount "68"]
[EventDate "2016.01.26"]
[EventType "swiss"]
[EventRounds "10"]
[EventCountry "GGB"]
[Source "www.saund.co.uk"]
[SourceDate "2005.02.07"]

1. e4 c5 2. c3 Nf6 3. e5 Nd5 4. d4 cxd4 5. Nf3 e6 6. cxd4 d6 7. Bd2 Bd7 8. Nc3
Bc6 9. Bc4 Nb6 10. Bb3 N8d7 11. Bf4 dxe5 12. dxe5 Nc5 13. Bc2 Qxd1+ 14. Rxd1
Nc4 15. Rd4 b5 16. b3 Na3 17. Bd1 b4 18. Na4 Nxa4 19. bxa4 Bc5 20. Rd2 Nb1 21.
Rb2 Nc3 22. O-O a5 23. Bb3 Bxa4 24. Bd2 Bb5 25. Re1 a4 26. Bc2 a3 27. Rb3 Bc4
28. Bxc3 Bxb3 29. Bxb3 bxc3 30. Rc1 Rc8 31. Kf1 Bb4 32. Nd4 O-O 33. Nc2 Be7 34.
Ne3 Bg5 0-1

[Event "Tradewise Gibraltar Masters 14th"]
[Site "Gibraltar"]
[Date "2016.01.28"]
[Round "3.90"]
[White "Zwahr, Paul"]
[Black "Omoifo, Osemekhian I"]
[Result "1/2-1/2"]
[WhiteElo "2333"]
[BlackElo "2106"]
[PlyCount "99"]
[EventDate "2016.01.26"]
[EventType "swiss"]
[EventRounds "10"]
[EventCountry "GGB"]
[Source "www.saund.co.uk"]
[SourceDate "2005.02.07"]

1. e4 c6 2. d4 d5 3. Nd2 dxe4 4. Nxe4 Nf6 5. Nxf6+ exf6 6. c3 Bd6 7. Bd3 O-O 8.
Qc2 Re8+ 9. Ne2 g6 10. h4 Be6 11. h5 f5 12. Be3 Qf6 13. O-O-O f4 14. Bd2 Nd7
15. g3 Bg4 16. Nxf4 Bxd1 17. Qxd1 Nf8 18. Qg4 Re7 19. Bc4 Bxf4 20. Bxf4 Rae8
21. hxg6 Nxg6 22. Be3 b5 23. Bd3 Rxe3 24. fxe3 Rxe3 25. Bf5 Qd6 26. Rg1 Qd5 27.
Kb1 a5 28. Bc2 a4 29. a3 Kg7 30. Qh3 Qf3 31. Qd7 Re2 32. Qf5 Qe3 33. Qf1 h6 34.
Qd1 Ne7 35. Rf1 Nd5 36. Bd3 Rd2 37. Qg4+ Qg5 38. Qf3 Qf6 39. Qe4 Qg6 40. Rxf7+
Qxf7 41. Qh7+ Kf8 42. Qxh6+ Qg7 43. Qxd2 Qxg3 44. Be4 Ne7 45. Qh6+ Kf7 46. Bxc6
Qd3+ 47. Kc1 Qf1+ 48. Kd2 Qf2+ 49. Kd3 Qf1+ 50. Kd2 1/2-1/2

[Event "Tradewise Gibraltar Masters 14th"]
[Site "Gibraltar"]
[Date "2016.01.28"]
[Round "3.91"]
[White "Lombaers, Peter"]
[Black "Weeramantry, Sunil"]
[Result "0-1"]
[WhiteElo "2328"]
[BlackElo "2099"]
[PlyCount "70"]
[EventDate "2016.01.26"]
[EventType "swiss"]
[EventRounds "10"]
[EventCountry "GGB"]
[Source "www.saund.co.uk"]
[SourceDate "2005.02.07"]

1. e4 d6 2. d4 g6 3. Nc3 Bg7 4. f4 c6 5. Nf3 Bg4 6. Be3 Qb6 7. Qd2 Bxf3 8. gxf3
Nd7 9. O-O-O Qa5 10. Kb1 b5 11. h4 Nb6 12. Bd3 Nc4 13. Bxc4 bxc4 14. h5 Rb8 15.
Ka1 Nf6 16. h6 Bf8 17. d5 c5 18. Qe2 Nh5 19. Qxc4 Bxh6 20. Ne2 Rb4 21. Qc3 Bg7
22. e5 Qa6 23. Qd2 Kd7 24. Rhe1 Ra4 25. Nc3 Ra5 26. Bf2 Rb8 27. Bh4 Rb4 28. Qe3
Nxf4 29. Bf6 Ng2 30. Bxg7 Nxe3 31. Rxe3 Rxa2+ 32. Nxa2 Ra4 33. Ra3 Rxa3 34.
bxa3 dxe5 35. Bxe5 Qe2 0-1

[Event "Tradewise Gibraltar Masters 14th"]
[Site "Gibraltar"]
[Date "2016.01.28"]
[Round "3.92"]
[White "De Haan, Eric"]
[Black "Carlsten, Peter"]
[Result "1-0"]
[WhiteElo "2313"]
[BlackElo "2074"]
[PlyCount "69"]
[EventDate "2016.01.26"]
[EventType "swiss"]
[EventRounds "10"]
[EventCountry "GGB"]
[Source "www.saund.co.uk"]
[SourceDate "2005.02.07"]

1. d4 f5 2. Bg5 g6 3. Nc3 Bg7 4. h4 h6 5. Bf4 Nf6 6. e3 d6 7. Qf3 c6 8. Bc4
Nbd7 9. Nge2 d5 10. Bd3 O-O 11. Qg3 Qe8 12. Qh2 Ng4 13. Qg3 Ngf6 14. O-O-O Nh5
15. Qh2 e5 16. dxe5 Bxe5 17. Bxe5 Nxe5 18. Nd4 b5 19. Be2 Nf6 20. Qf4 Kg7 21.
Nf3 Neg4 22. Rhf1 Ne4 23. Nd4 Nxc3 24. bxc3 Ne5 25. Nf3 Ng4 26. Qd4+ Kh7 27.
Bd3 Qe7 28. h5 g5 29. Qxg4 Qa3+ 30. Kd2 c5 31. Qg3 Be6 32. Qc7+ Kg8 33. Qd6
Rfe8 34. Bxb5 Rad8 35. Qa6 1-0

[Event "Tradewise Gibraltar Masters 14th"]
[Site "Gibraltar"]
[Date "2016.01.28"]
[Round "3.93"]
[White "Papp, Petra"]
[Black "Dasaolu, Rotimi"]
[Result "1-0"]
[WhiteElo "2308"]
[BlackElo "2060"]
[PlyCount "97"]
[EventDate "2016.01.26"]
[EventType "swiss"]
[EventRounds "10"]
[EventCountry "GGB"]
[Source "www.saund.co.uk"]
[SourceDate "2005.02.07"]

1. e4 d5 2. exd5 Qxd5 3. Nc3 Qa5 4. d4 Nf6 5. Nf3 Bf5 6. Bc4 e6 7. Bd2 c6 8.
Nd5 Qd8 9. Nxf6+ gxf6 10. Bb3 Nd7 11. Qe2 Qc7 12. O-O-O O-O-O 13. Nh4 Bg6 14.
g3 Bd6 15. Kb1 Rhe8 16. Rhe1 a6 17. a3 Qb6 18. Ka2 Kb8 19. Bc3 Rc8 20. Qd2 Qb5
21. a4 Qh5 22. Ba5 Ka7 23. c4 Qg5 24. Nxg6 Qxd2 25. Bxd2 hxg6 26. h4 f5 27. d5
exd5 28. cxd5 c5 29. a5 b5 30. axb6+ Nxb6 31. Be3 Kb7 32. Kb1 Re7 33. Rg1 Re4
34. Bc2 Ree8 35. h5 Nc4 36. Bc1 Kc7 37. hxg6 fxg6 38. Bd3 Ne5 39. Bxa6 Ra8 40.
Be2 Rh8 41. Rh1 Rab8 42. Bd2 Kd7 43. Bc3 Rxh1 44. Rxh1 Nf7 45. Rh7 Ke7 46. Rg7
f4 47. Rxg6 fxg3 48. fxg3 Ra8 49. Bh5 1-0

[Event "Tradewise Gibraltar Masters 14th"]
[Site "Gibraltar"]
[Date "2016.01.28"]
[Round "3.94"]
[White "Goriatchkin, Jouri"]
[Black "Myall, Ivan J"]
[Result "1-0"]
[WhiteElo "2300"]
[BlackElo "2049"]
[PlyCount "109"]
[EventDate "2016.01.26"]
[EventType "swiss"]
[EventRounds "10"]
[EventCountry "GGB"]
[Source "www.saund.co.uk"]
[SourceDate "2005.02.07"]

1. d4 Nf6 2. c4 e6 3. g3 d5 4. Bg2 c6 5. Nd2 Nbd7 6. Ngf3 Bd6 7. O-O O-O 8. Qc2
e5 9. cxd5 cxd5 10. dxe5 Nxe5 11. Nxe5 Bxe5 12. Nf3 Bd6 13. Be3 Bd7 14. Bd4 Ne4
15. Qb3 Bc6 16. Rfd1 Qe7 17. Rac1 Kh8 18. Qc2 f5 19. e3 a5 20. a4 Qe8 21. b3
Ba3 22. Bb2 Bxb2 23. Qxb2 Rf6 24. Ne5 Re6 25. f4 Kg8 26. Rd4 Rxe5 27. fxe5 Qxe5
28. Bxe4 fxe4 29. Rf1 Rf8 30. Rxf8+ Kxf8 31. Rd2 Qxb2 32. Rxb2 Ke7 33. Rd2 Kd6
34. Kf2 Kc5 35. Rd4 Bd7 36. Ke2 Bh3 37. Kd2 Bg4 38. Kc3 Be2 39. b4+ axb4+ 40.
Rxb4 b6 41. Rb2 Bd1 42. Rb5+ Kc6 43. Kd4 Bxa4 44. Rxd5 Bd1 45. Re5 Bf3 46. Re7
h5 47. Rxg7 Kb5 48. h3 Kb4 49. g4 hxg4 50. hxg4 b5 51. g5 Kb3 52. Rb7 Be2 53.
g6 Bc4 54. g7 b4 55. Kc5 1-0

[Event "Tradewise Gibraltar Masters 14th"]
[Site "Gibraltar"]
[Date "2016.01.28"]
[Round "3.94"]
[White "Kozarcanin, Sead"]
[Black "Bach, Matthias"]
[Result "1/2-1/2"]
[WhiteElo "2073"]
[BlackElo "2301"]
[PlyCount "138"]
[EventDate "2016.01.26"]
[EventType "swiss"]
[EventRounds "10"]
[EventCountry "GGB"]
[Source "www.saund.co.uk"]
[SourceDate "2005.02.07"]

1. e4 d6 2. d4 Nd7 3. Nf3 c5 4. c3 e6 5. Bd3 Ne7 6. h4 a6 7. a4 b6 8. Qe2 Bb7
9. Nbd2 cxd4 10. Nxd4 Ng6 11. N2f3 Be7 12. h5 Nge5 13. Bc2 h6 14. b3 Qc7 15. c4
Nxf3+ 16. Qxf3 Qc5 17. Bb2 Ne5 18. Qe3 Rc8 19. Ba3 Qc7 20. Rd1 b5 21. cxb5 axb5
22. axb5 Ng4 23. Qg3 Nf6 24. Nc6 Bxc6 25. bxc6 Qxc6 26. O-O Qa6 27. Bxd6 Rxc2
28. e5 Nd5 29. Qxg7 Rf8 30. Bxe7 Nxe7 31. Rd8+ Kxd8 32. Qxf8+ Kd7 33. Rd1+ Nd5
34. Qxf7+ Kc8 35. Qg8+ Kb7 36. Qh7+ Rc7 37. Qxh6 Qe2 38. Rc1 Rxc1+ 39. Qxc1
Qxh5 40. Qe1 Qg4 41. f3 Qd4+ 42. Kh2 Qb2 43. Qe4 Qd2 44. Kh3 Kb6 45. g3 Ne3 46.
Kh4 Nf1 47. Kg4 Ne3+ 48. Kh4 Qd8+ 49. Kh5 Qe8+ 50. Kg5 Qe7+ 51. Kh5 Nf5 52. Qf4
Qf8 53. Kg4 Qc5 54. Kg5 Nd4 55. Kf6 Qf8+ 56. Kg6 Nf5 57. Kh5 Qe7 58. Kg4 Qc5
59. Kg5 Nd4 60. Kg6 Nc6 61. Kf6 Qe7+ 62. Kg6 Qe8+ 63. Kg7 Qd7+ 64. Kg6 Qd3+ 65.
Kf6 Qxb3 66. Qg4 Nd8 67. Qd4+ Kc7 68. Qd6+ Kc8 69. Qc5+ Kb7 1/2-1/2

[Event "Tradewise Gibraltar Masters 14th"]
[Site "Gibraltar"]
[Date "2016.01.28"]
[Round "3.95"]
[White "Plotkin, Victor"]
[Black "Berrocal Ruiz, Valentin"]
[Result "1/2-1/2"]
[WhiteElo "2291"]
[BlackElo "2040"]
[PlyCount "87"]
[EventDate "2016.01.26"]
[EventType "swiss"]
[EventRounds "10"]
[EventCountry "GGB"]
[Source "www.saund.co.uk"]
[SourceDate "2005.02.07"]

1. e4 g6 2. d4 Bg7 3. Nf3 c5 4. d5 d6 5. c4 Bg4 6. Be2 Nf6 7. Nc3 O-O 8. Bg5
Nbd7 9. Qd2 Re8 10. h3 Bxf3 11. Bxf3 a6 12. O-O b5 13. cxb5 axb5 14. Bxf6 Bxf6
15. Nxb5 Qa5 16. Nc3 Nb6 17. Qc2 Reb8 18. Rfc1 Na4 19. Nxa4 Qxa4 20. b3 Qa3 21.
Rab1 Bd4 22. Be2 Qxa2 23. g3 Ra3 24. Bc4 Rba8 25. Kf1 R3a7 26. Bd3 Qxc2 27.
Rxc2 Ra2 28. Rbc1 Rxc2 29. Rxc2 Ra1+ 30. Ke2 Rb1 31. Bc4 Rb2 32. Rxb2 Bxb2 33.
Kd3 g5 34. Bb5 Bd4 35. f4 h6 36. Ke2 gxf4 37. gxf4 Kg7 38. Kf3 Bc3 39. Kg4 Bd4
40. Kf5 Be3 41. e5 Bd2 42. Be2 Bc1 43. Bh5 Bd2 44. Ke4 1/2-1/2

[Event "Tradewise Gibraltar Masters 14th"]
[Site "Gibraltar"]
[Date "2016.01.28"]
[Round "3.97"]
[White "Piasetski, Leon"]
[Black "Burke, Mitchell R"]
[Result "1-0"]
[WhiteElo "2277"]
[BlackElo "2002"]
[PlyCount "47"]
[EventDate "2016.01.26"]
[EventType "swiss"]
[EventRounds "10"]
[EventCountry "GGB"]
[Source "www.saund.co.uk"]
[SourceDate "2005.02.07"]

1. Nf3 g6 2. c4 Bg7 3. d4 Nf6 4. Nc3 O-O 5. e4 d6 6. h3 Na6 7. Be3 e5 8. d5 Nh5
9. Nh2 Qe8 10. Be2 Nf4 11. Bf3 f5 12. h4 Nb4 13. O-O a5 14. Rb1 g5 15. hxg5 Qg6
16. a3 Na6 17. Kh1 Nc5 18. g3 fxe4 19. Bg4 Nh3 20. Bxc8 Raxc8 21. Qg4 Qf5 22.
Kg2 Nf4+ 23. gxf4 exf4 24. Bxc5 1-0

[Event "Tradewise Gibraltar Masters 14th"]
[Site "Gibraltar"]
[Date "2016.01.28"]
[Round "3.98"]
[White "Cordes, Hans-Joerg"]
[Black "Goncalves, Jose Antonio Silvei"]
[Result "1-0"]
[WhiteElo "2257"]
[BlackElo "1984"]
[PlyCount "39"]
[EventDate "2016.01.26"]
[EventType "swiss"]
[EventRounds "10"]
[EventCountry "GGB"]
[Source "www.saund.co.uk"]
[SourceDate "2005.02.07"]

1. d4 d5 2. Nf3 Bf5 3. c4 e6 4. Nc3 c6 5. e3 Nf6 6. Bd3 Ne4 7. Qc2 Bb4 8. O-O
Bxc3 9. bxc3 Nd7 10. Ba3 Rc8 11. Ne5 Ndf6 12. cxd5 Nd6 13. dxe6 Bxe6 14. e4 O-O
15. f4 Rc7 16. f5 Bc8 17. Nf3 Ng4 18. Rae1 Re8 19. e5 Nb5 20. Bc1 1-0

[Event "Tradewise Gibraltar Masters 14th"]
[Site "Gibraltar"]
[Date "2016.01.28"]
[Round "3.99"]
[White "Suez-Panama, Gilles"]
[Black "Weisbuch, Udi"]
[Result "0-1"]
[WhiteElo "2032"]
[BlackElo "2254"]
[PlyCount "106"]
[EventDate "2016.01.26"]
[EventType "swiss"]
[EventRounds "10"]
[EventCountry "GGB"]
[Source "www.saund.co.uk"]
[SourceDate "2005.02.07"]

1. Nf3 Nf6 2. b3 g6 3. Bb2 Bg7 4. e3 O-O 5. d4 d5 6. Bd3 b6 7. Qe2 Bb7 8. Nbd2
Nbd7 9. Ba6 Qc8 10. Bxb7 Qxb7 11. O-O Rac8 12. Ne5 c5 13. Ndf3 Ne4 14. c4 dxc4
15. Nxd7 Qxd7 16. bxc4 Nd6 17. Rfc1 Qa4 18. Nd2 Rfd8 19. Qd3 cxd4 20. exd4 Bh6
21. c5 Bxd2 22. Qxd2 Nc4 23. Qc2 Nxb2 24. Qxb2 Qxd4 25. Qxd4 Rxd4 26. cxb6
Rxc1+ 27. Rxc1 axb6 28. Rc8+ Kg7 29. g3 Kf6 30. Rb8 Rd6 31. h4 h5 32. Kg2 Ke5
33. Rb7 Re6 34. a4 Kd4 35. Ra7 Kc4 36. a5 b5 37. a6 b4 38. Rc7+ Kd3 39. a7 Ra6
40. Rxe7 b3 41. Rxf7 b2 42. Rb7 Kc2 43. Rc7+ Kb3 44. Rb7+ Ka2 45. g4 b1=Q 46.
Rxb1 Kxb1 47. gxh5 gxh5 48. f4 Kc2 49. Kf3 Kd3 50. f5 Kd4 51. Kf4 Rxa7 52. f6
Kd5 53. Kf5 Rf7 0-1

[Event "Tradewise Gibraltar Masters 14th"]
[Site "Gibraltar"]
[Date "2016.01.28"]
[Round "3.100"]
[White "Fiala, Vaclav"]
[Black "Darnell, Anton"]
[Result "1-0"]
[WhiteElo "2217"]
[BlackElo "1979"]
[PlyCount "77"]
[EventDate "2016.01.26"]
[EventType "swiss"]
[EventRounds "10"]
[EventCountry "GGB"]
[Source "www.saund.co.uk"]
[SourceDate "2005.02.07"]

1. e4 e5 2. f4 exf4 3. Nf3 Nf6 4. Nc3 d5 5. exd5 Nxd5 6. Nxd5 Qxd5 7. d4 Be7 8.
c4 Qe4+ 9. Be2 Nc6 10. O-O Bf5 11. d5 Nb4 12. Ne1 g5 13. Kh1 O-O-O 14. a3 Na6
15. Bd2 Qd4 16. Qc1 Rhe8 17. Bc3 Qb6 18. Bh5 Bc5 19. b4 Be3 20. Qd1 Qh6 21. Bg4
Qg6 22. Nc2 Bxg4 23. Qxg4+ f5 24. Qd1 Nb8 25. Bd4 Nd7 26. Re1 Nb6 27. Qd3 Bxd4
28. Nxd4 Rxe1+ 29. Rxe1 Re8 30. Rxe8+ Qxe8 31. Qxf5+ Nd7 32. Ne6 Qe7 33. h3 b6
34. c5 Qf6 35. Qxh7 Qa1+ 36. Kh2 Qxa3 37. Qg8+ Kb7 38. c6+ Ka6 39. Nxc7# 1-0

[Event "Tradewise Gibraltar Masters 14th"]
[Site "Gibraltar"]
[Date "2016.01.28"]
[Round "3.101"]
[White "George, Lolomari Erekosima"]
[Black "Byron, Alan M"]
[Result "1/2-1/2"]
[WhiteElo "1937"]
[BlackElo "2175"]
[PlyCount "94"]
[EventDate "2016.01.26"]
[EventType "swiss"]
[EventRounds "10"]
[EventCountry "GGB"]
[Source "www.saund.co.uk"]
[SourceDate "2005.02.07"]

1. Nf3 d5 2. c4 e6 3. b3 Nf6 4. Bb2 c5 5. e3 Nc6 6. g3 d4 7. exd4 cxd4 8. Bg2
e5 9. O-O Bd6 10. d3 O-O 11. Na3 Re8 12. Nc2 Bf5 13. a3 a5 14. Rb1 Qe7 15. Re1
Qf8 16. Nh4 Bg4 17. Bf3 Bd7 18. Bc1 h6 19. Qd2 Rab8 20. b4 axb4 21. axb4 b5 22.
c5 Bc7 23. Bh1 Ne7 24. Qd1 Ned5 25. Bd2 Re7 26. Nf3 Bf5 27. Rb3 Bh7 28. Qa1 Ra8
29. Qb2 Ra7 30. Ra1 Bb8 31. Na3 Qe8 32. Bg2 Ra4 33. Nc2 Rxa1+ 34. Nxa1 Ra7 35.
Nc2 Bc7 36. Na3 Ra4 37. Ne1 Bf5 38. Nb1 Be6 39. Ra3 Qa8 40. Rxa4 Qxa4 41. Bf3
Qa6 42. Qa3 Qb7 43. Bc1 Bd7 44. Nd2 Bc6 45. Bb2 Nd7 46. Bg2 Nb8 47. Bh3 Na6
1/2-1/2

[Event "Tradewise Gibraltar Masters 14th"]
[Site "Gibraltar"]
[Date "2016.01.28"]
[Round "3.101"]
[White "Nebolsina, Vera"]
[Black "Slinger, Tony J"]
[Result "1-0"]
[WhiteElo "2208"]
[BlackElo "1915"]
[PlyCount "63"]
[EventDate "2016.01.26"]
[EventType "swiss"]
[EventRounds "10"]
[EventCountry "GGB"]
[Source "www.saund.co.uk"]
[SourceDate "2005.02.07"]

1. d4 d5 2. Nf3 Nf6 3. c4 c6 4. Nc3 e6 5. g3 dxc4 6. Bg2 b5 7. Ne5 Nd5 8. a4
Bb4 9. Bd2 Bb7 10. O-O Bxc3 11. bxc3 Nd7 12. e4 N5f6 13. f4 O-O 14. Qb1 a6 15.
Nxc4 Qc7 16. Ne3 Nb6 17. a5 Nbd7 18. e5 Nd5 19. f5 Nxe3 20. Bxe3 exf5 21. Qxf5
c5 22. e6 Bxg2 23. exf7+ Kh8 24. Kxg2 cxd4 25. Bxd4 Qc6+ 26. Kg1 Nf6 27. g4
Rad8 28. g5 Nh5 29. Rae1 b4 30. Re6 Qc4 31. Bxg7+ Nxg7 32. Qxh7+ 1-0

[Event "Tradewise Gibraltar Masters 14th"]
[Site "Gibraltar"]
[Date "2016.01.28"]
[Round "3.103"]
[White "Tscharotschkin, Michael"]
[Black "Bajer, Renato"]
[Result "1-0"]
[WhiteElo "2169"]
[BlackElo "1890"]
[PlyCount "51"]
[EventDate "2016.01.26"]
[EventType "swiss"]
[EventRounds "10"]
[EventCountry "GGB"]
[Source "www.saund.co.uk"]
[SourceDate "2005.02.07"]

1. d4 f5 2. Bf4 Nf6 3. e3 g6 4. Nf3 Bg7 5. h3 d6 6. Bc4 e6 7. O-O O-O 8. Bb3
Qe7 9. c4 h6 10. Bh2 g5 11. Nc3 c6 12. c5 dxc5 13. dxc5 Rd8 14. Bd6 Qe8 15. Qc2
Na6 16. Qxf5 Kh8 17. Qc2 Nb4 18. Qe2 Bf8 19. Bxf8 Qxf8 20. Ne5 Kg7 21. f4 Qxc5
22. fxg5 Qxe5 23. gxf6+ Kh7 24. Qg4 Qxe3+ 25. Rf2 Rg8 26. Qxb4 1-0

[Event "Tradewise Gibraltar Masters 14th"]
[Site "Gibraltar"]
[Date "2016.01.28"]
[Round "3.104"]
[White "Tarr, Steve F"]
[Black "Ranaivoharisoa, Alain"]
[Result "0-1"]
[WhiteElo "1779"]
[BlackElo "2160"]
[PlyCount "114"]
[EventDate "2016.01.26"]
[EventType "swiss"]
[EventRounds "10"]
[EventCountry "GGB"]
[Source "www.saund.co.uk"]
[SourceDate "2005.02.07"]

1. d4 d5 2. Bf4 Nf6 3. e3 e6 4. Nf3 c5 5. c3 Nc6 6. Nbd2 Be7 7. Bd3 Qb6 8. Rb1
O-O 9. Ne5 Rd8 10. Qf3 Nxe5 11. Bxe5 Bd7 12. Qh3 h6 13. g4 Bb5 14. Bc2 Qa6 15.
Bxf6 Bxf6 16. f4 Bd3 17. Bxd3 Qxd3 18. Qf3 cxd4 19. exd4 Bh4+ 20. Kd1 Qa6 21.
a3 Rac8 22. Rg1 Qd6 23. Rg2 Be7 24. Ke1 Re8 25. Qg3 Bd8 26. Nf3 f6 27. g5 hxg5
28. fxg5 Qxg3+ 29. Rxg3 Kf7 30. Kd2 Bc7 31. Rg2 Bf4+ 32. Kc2 e5 33. gxf6 gxf6
34. Rf1 Rg8 35. Rxg8 Kxg8 36. Rg1+ Kf7 37. dxe5 fxe5 38. Rf1 Kf6 39. Nd4 Rh8
40. Nb5 Rxh2+ 41. Kb3 a6 42. Nc7 Rd2 43. c4 dxc4+ 44. Kc3 Rd7 45. Na8 b5 46.
Kb4 Rd2 47. Kc3 Rd3+ 48. Kc2 Rd7 49. Kc3 Kf5 50. Kb4 Kg4 51. Ka5 Rd2 52. Rb1
Rc2 53. Nc7 Rc1 54. Rxc1 Bxc1 55. a4 Bxb2 56. axb5 axb5 57. Nxb5 c3 0-1

[Event "Tradewise Gibraltar Masters 14th"]
[Site "Gibraltar"]
[Date "2016.01.28"]
[Round "3.105"]
[White "Shachar, Ehud"]
[Black "Mrabti, Yahya"]
[Result "1-0"]
[WhiteElo "2353"]
[BlackElo "1780"]
[PlyCount "73"]
[EventDate "2016.01.26"]
[EventType "swiss"]
[EventRounds "10"]
[EventCountry "GGB"]
[Source "www.saund.co.uk"]
[SourceDate "2005.02.07"]

1. e4 c5 2. Nf3 Nc6 3. Bb5 g6 4. Bxc6 bxc6 5. O-O Bg7 6. Re1 Nh6 7. c3 O-O 8.
d4 cxd4 9. cxd4 d5 10. Ne5 dxe4 11. Nc3 Qb6 12. Na4 Qc7 13. Bf4 g5 14. Bxg5 f6
15. Qb3+ e6 16. Bxh6 Bxh6 17. Ng4 Bg7 18. Nc5 Qd6 19. Nxe4 Qxd4 20. Rad1 Qb6
21. Qh3 e5 22. Nh6+ Kh8 23. Qh5 Be6 24. b3 Qc7 25. Rd6 Bd5 26. Nf5 Rad8 27.
Rxd8 Rxd8 28. h3 Qa5 29. Re3 Qxa2 30. Ned6 Qb1+ 31. Kh2 Rxd6 32. Qe8+ Bg8 33.
Nxd6 Qg6 34. Qd8 f5 35. Rg3 Bf6 36. Qc8 Bg5 37. Rxg5 1-0

[Event "Tradewise Gibraltar Masters 14th"]
[Site "Gibraltar"]
[Date "2016.01.28"]
[Round "3.106"]
[White "Tate, Alan"]
[Black "Harding, Tim D"]
[Result "1-0"]
[WhiteElo "2345"]
[BlackElo "2006"]
[Annotator "Rudd,Jack"]
[PlyCount "37"]
[EventDate "2016.01.26"]
[EventType "swiss"]
[EventRounds "10"]
[EventCountry "GGB"]
[Source "www.saund.co.uk"]
[SourceDate "2005.02.07"]

1. Nf3 d5 2. g3 c6 3. Bg2 Bg4 4. O-O Nf6 5. d3 Qc8 6. Re1 Bh3 7. Bh1 h6 8. e4
e6 9. e5 Nfd7 10. c4 Qc7 11. Nc3 Nb6 12. Nd4 Bc5 13. Be3 N8d7 14. cxd5 Qxe5 15.
Nxe6 fxe6 16. Bxc5 Qxe1+ 17. Qxe1 Nxc5 18. dxc6 O-O 19. Qe3 1-0

[Event "Tradewise Gibraltar Masters 14th"]
[Site "Gibraltar"]
[Date "2016.01.28"]
[Round "3.107"]
[White "Kalthoff, Peter"]
[Black "Marcos Herrero, Francisco"]
[Result "0-1"]
[WhiteElo "2132"]
[BlackElo "1982"]
[PlyCount "74"]
[EventDate "2016.01.26"]
[EventType "swiss"]
[EventRounds "10"]
[EventCountry "GGB"]
[Source "www.saund.co.uk"]
[SourceDate "2005.02.07"]

1. d4 Nf6 2. Bg5 d5 3. Bxf6 exf6 4. e3 Be6 5. g3 c6 6. Nd2 Nd7 7. Bg2 Bd6 8.
Ne2 f5 9. b3 Nf6 10. c4 Ne4 11. c5 Bc7 12. b4 O-O 13. O-O a5 14. bxa5 Rxa5 15.
Nxe4 fxe4 16. a4 Bg4 17. h3 Bh5 18. Qc2 g5 19. Rfb1 Ra7 20. Rb2 f5 21. Kh1 Qf6
22. Rg1 Kh8 23. Nc3 f4 24. g4 Bxg4 25. Bxe4 Bxh3 26. Bxh7 Qh6 27. Qg6 Qxh7 28.
Rxg5 Qxg6 29. Rxg6 Kh7 30. Rg1 f3 31. Rgb1 Bg2+ 32. Kg1 Rf6 33. Ne2 Rf7 34. Nf4
Bxf4 35. exf4 Kg6 36. Kh2 Kf5 37. Re1 Kxf4 0-1

[Event "Tradewise Gibraltar Masters 14th"]
[Site "Gibraltar"]
[Date "2016.01.28"]
[Round "3.108"]
[White "Eagleton, Greg T"]
[Black "Osuna Vega, Enrique"]
[Result "0-1"]
[WhiteElo "1981"]
[BlackElo "2127"]
[PlyCount "62"]
[EventDate "2016.01.26"]
[EventType "swiss"]
[EventRounds "10"]
[EventCountry "GGB"]
[Source "www.saund.co.uk"]
[SourceDate "2005.02.07"]

1. d4 Nf6 2. c4 g6 3. Nf3 Bg7 4. Bf4 d5 5. e3 c5 6. Be2 cxd4 7. exd4 Nc6 8. Nc3
O-O 9. h3 Be6 10. c5 b6 11. Bb5 Bd7 12. Qa4 Qe8 13. Ne5 Nxe5 14. Bxe5 bxc5 15.
dxc5 d4 16. Bxd4 e5 17. Be3 Bxb5 18. Qxb5 Qxb5 19. Nxb5 Nd5 20. b3 Rfc8 21. Rc1
Bf8 22. Ke2 Nxe3 23. Kxe3 Bxc5+ 24. Ke2 a6 25. Nc3 Ba3 26. Rc2 Rc6 27. Rd1 Rac8
28. Rd3 e4 29. Re3 f5 30. g3 Bb4 31. Kd2 Bc5 0-1